Datos para proyectos de energía solar

Guardat en:
Dades bibliogràfiques
Autors principals: Arata Andreani, Adolfo (Autor), Cox, Ricardo (Autor), Lorenzo, Diego (Autor)
Format: Llibre
Idioma:espanyol
Publicat: Valparaíso Universidad Técnica Federico Santa María 1980
Matèries:
Etiquetes: Afegir etiqueta
Sense etiquetes, Sigues el primer a etiquetar aquest registre!

MARC

LEADER 00000nam a2200000 a 4500
001 UCP2917
003 CL-VaPUC
008 990604e19800000CL |||||||||||||||||spa|d
082 0 4 |a 621.47  |b ARA  |2 21 
100 0 |a Arata Andreani, Adolfo  |e author  |9 429918 
700 0 |a Cox, Ricardo  |e author  |9 429919 
700 0 |a Lorenzo, Diego  |e author  |9 429920 
245 1 0 |a Datos para proyectos de energía solar 
300 |a 90 p 
942 |c BK 
945 |d 19990604 00:00:00  |a cmena 
260 |a Valparaíso  |b Universidad Técnica Federico Santa María  |c 1980 
650 7 |a ENERGIA SOLAR  |2 CL-VaPUC  |9 429921 
650 0 |a Energía térmica  |9 357587 
650 7 |a TECNOLOGIA ENERGETICA  |2 CL-VaPUC  |9 360691 
650 7 |a GENERADORES SOLARES  |2 CL-VaPUC  |9 361705 
650 7 |a SOL  |2 CL-VaPUC  |9 429922 
583 |a last modification  |c 19990604 00:00:00  |k Rodrigo Vera 
999 |c 281381  |d 281379 
952 |0 0  |1 0  |4 0  |6 621_470000000000000_ARA_1980  |7 0  |8 A  |9 322098  |a BIBMEC  |b BIBMEC  |d 2019-11-20  |i 1380532  |o 621.47 ARA 1980  |p 1380532  |r 2024-01-19  |w 2019-11-20  |y BK  |k MEC